Greatness in music

Spremljeno u:
Bibliografski detalji
Glavni autor: Einstein, Alfred (Autor)
Format: Knjiga
Jezik:engleski
Izdano: Londres Oxford University 1945
Teme:
Oznake: Dodaj oznaku
Bez oznaka, Budi prvi tko označuje ovaj zapis!

MARC

LEADER 00000nam a2200000 a 4500
001 UCN3271
003 CL-VaPUC
008 010622e19450000UK |||||||||||||||||eng|d
082 0 4 |a 781.17  |b EIN  |2 21 
100 0 |a Einstein, Alfred  |e author  |9 459757 
245 1 0 |a Greatness in music 
300 |a 299 p 
942 |c BK 
945 |d 20010622 00:00:00  |a crobeson 
260 |a Londres  |b Oxford University  |c 1945 
650 0 |a Estética musical  |9 265497 
650 0 |a Apreciación musical  |9 306325 
650 0 |a Creación artística musical  |9 306472 
583 |a last modification  |c 20010622 00:00:00  |k Rodrigo Vera 
999 |c 296196  |d 296194 
952 |0 0  |1 0  |4 0  |6 781_170000000000000_EIN_1945  |7 0  |8 A  |9 349816  |a BIBEDU  |b BIBEDU  |d 2019-11-20  |i 1187929  |o 781.17 EIN 1945  |p 1187929  |r 2022-01-17  |w 2019-11-20  |y BK  |k MUS